Modos de significar (Record no. 19094)

MARC details
000 -LEADER
campo de control de longitud fija 00692nam a2200229 i 4500
001 - NÚMERO DE CONTROL
campo de control 19094
003 - IDENTIFICADOR DE NÚMERO DE CONTROL
campo de control ES-MaACL
005 - FECHA Y HORA DE LA ÚLTIMA TRANSACCIÓN
campo de control 20230906152010.0
007 - CAMPO FIJO DE DESCRIPCIÓN FÍSICA--INFORMACIÓN GENERAL
campo de control de longitud fija t|
008 - DATOS DE LONGITUD FIJA--INFORMACIÓN GENERAL
campo de control de longitud fija 020516s1997 sp ||||1| spa d
020 ## - NÚMERO INTERNACIONAL ESTÁNDAR DEL LIBRO
Número Internacional Estándar del Libro 84-309-3076-6
080 ## - NÚMERO DE LA CLASIFICACIÓN DECIMAL UNIVERSAL
Número de la Clasificación Decimal Universal 81:1
100 1# - ENTRADA PRINCIPAL--NOMBRE DE PERSONA
Nombre de persona García Suárez, Alfonso.
9 (RLIN) 55313
245 10 - MENCIÓN DEL TÍTULO
Título Modos de significar
Resto del título : una introducción temática a la filosofía del lenguaje /
Mención de responsabilidad, etc. Alfonso García Suárez.
260 ## - PUBLICACIÓN, DISTRIBUCIÓN, ETC.
Lugar de publicación, distribución, etc. Madrid :
Nombre del editor, distribuidor, etc. Tecnos,
Fecha de publicación, distribución, etc. [1997]
300 ## - DESCRIPCIÓN FÍSICA
Extensión 558 p. ;
Dimensiones 22 cm.
490 1# - MENCIÓN DE SERIE
Mención de serie Filosofía y ensayo
650 #4 - PUNTO DE ACCESO ADICIONAL DE MATERIA--TÉRMINO DE MATERIA
Término de materia o nombre geográfico como elemento de entrada Lenguaje-
Subdivisión general Filosofía.
9 (RLIN) 14344
830 0# - PUNTO DE ACCESO ADICIONAL DE SERIE-TÍTULO UNIFORME
Título uniforme Filosofía y ensayo
9 (RLIN) 179242
852 ## - LOCALIZACIÓN
Ubicación ES-MaACL
Número de control de estantería L-25509
Sublocalización o colección R.131367
Holdings
Estatus retirado Estado de pérdida Estado de daño No para préstamo Biblioteca de origen Biblioteca actual Ubicación en estantería Fecha de adquisición Fuente de adquisición Total de préstamos Signatura topográfica completa Código de barras Visto por última vez Precio de reemplazo Tipo de ítem Koha
        Biblioteca del Ateneo de Madrid Biblioteca del Ateneo de Madrid Depósito 2 17/01/2008     L-25509 1019538 23/02/2023 23/02/2023 Libro impreso